000 00532nam a2200205 4500
001 27034
005 20230410120914.0
008 060907n2005 dr spa
020 _a076195726X
035 _9funglode27238
041 _aEN
050 1 4 _aJC 311 H976n 2005
100 _aHutchinson, John
245 1 _aNations as zones of conflict /
_cJohn Hutchinson
260 _aLondon :
_bSage Publications,
_c2005
300 _aviii, 213 p
650 4 _aNacionalismo
650 4 _aEstado nacional
942 _2lcc
_cbk
999 _c54155
_d54155